Getting more for less : the future of apparel in Europe :
| Format: | Book |
|---|---|
| Published: |
London:
Euromonitor International,
2012.
|
| Series: | Global report : April 2012
|
| Subjects: |
| LEADER | 00506cam a2200145 7i4500 | ||
|---|---|---|---|
| 001 | 0000029436 | ||
| 005 | 20130412090000.0 | ||
| 090 | 0 | 0 | |a EURO 391 |b GET |
| 245 | 0 | 0 | |a Getting more for less : |b the future of apparel in Europe : |b the future of apparel in Europe : |b April 2012. |
| 260 | 0 | 0 | |a London: |b Euromonitor International, |c 2012. |
| 300 | # | # | |a 34 p. |
| 440 | 0 | 0 | |a Global report : April 2012 |
| 650 | 0 | 0 | |a Apparel -- |x Markets -- |z Europe |
| 651 | 0 | 0 | |a Europe |
| 999 | |a B000032087 |b Book |c Regions |e Business Information Centre | ||